Giáo trình Hán Nôm dành cho du lịch
Сохранить в:
| Главный автор: | |
|---|---|
| Формат: | |
| Язык: | Undetermined |
| Опубликовано: |
H.
ĐHQG
2000
|
| Предметы: | |
| Метки: |
Добавить метку
Нет меток, Требуется 1-ая метка записи!
|
| Thư viện lưu trữ: | Trung tâm Học liệu Trường Đại học Cần Thơ |
|---|
| LEADER | 00551nam a2200205Ia 4500 | ||
|---|---|---|---|
| 001 | CTU_52437 | ||
| 008 | 210402s9999 xx 000 0 und d | ||
| 020 | |b 28200 | ||
| 082 | |a 495.1 | ||
| 082 | |b Kh404 | ||
| 100 | |a Phạm Văn Khoái | ||
| 245 | 0 | |a Giáo trình Hán Nôm dành cho du lịch | |
| 245 | 0 | |c Phạm Văn Khoái | |
| 260 | |a H. | ||
| 260 | |b ĐHQG | ||
| 260 | |c 2000 | ||
| 650 | |a chinese language | ||
| 650 | |x textbooks for foreign speakers | ||
| 904 | |i MInh | ||
| 980 | |a Trung tâm Học liệu Trường Đại học Cần Thơ | ||